ARRUPE JESUIT UNIVERSITY

CORONAVIRUS -STOP THE SPREAD - CLEAN,DISINFECT,COVER

Responsibility in mass communication; (Record no. 131456)

MARC details
000 -LEADER
fixed length control field 00532nam a22001457a 4500
008 - FIXED-LENGTH DATA ELEMENTS--GENERAL INFORMATION
fixed length control field 220518b |||||||| |||| 00| 0 eng d
020 ## - INTERNATIONAL STANDARD BOOK NUMBER
International Standard Book Number 0060135948.
050 ## - LIBRARY OF CONGRESS CALL NUMBER
Classification number HM258.S287 1980
100 ## - MAIN ENTRY--PERSONAL NAME
Personal name Rivers, L. Rivers,Schramm. Wilbur,Christians ,G.Clifford
9 (RLIN) 51660
245 ## - TITLE STATEMENT
Title Responsibility in mass communication;
Statement of responsibility, etc William L. Rivers,Wilbur, Schramm,Clifford G. Christians
260 ## - PUBLICATION, DISTRIBUTION, ETC. (IMPRINT)
Place of publication, distribution, etc New York:
Name of publisher, distributor, etc Harper & Row,Publishers;
Date of publication, distribution, etc 1980.
300 ## - PHYSICAL DESCRIPTION
Extent 378p.;
Dimensions 21cm.
650 ## - SUBJECT ADDED ENTRY--TOPICAL TERM
Topical term or geographic name as entry element mass media
General subdivision social aspects
9 (RLIN) 11032
942 ## - ADDED ENTRY ELEMENTS (KOHA)
Source of classification or shelving scheme Library of Congress Classification
Item type Monograph ( Printed materials)
Holdings
Withdrawn status Lost status Source of classification or shelving scheme Damaged status Not for loan Collection code Home library Current library Date acquired Total Checkouts Full call number Barcode Date last seen Price effective from Koha item type
    Library of Congress Classification     Main Collection ARRUPE LIBRARY ARRUPE LIBRARY 18/05/2022   HM258.S287 1980 46600009217 18/05/2022 18/05/2022 Monograph ( Printed materials)

 

Arrupe Library. PO Box MP320 Mt Pleasant, Harare, Zimbabwe
263 242 745411|librarian@aju.ac.zw